Name the Survivor contestant - Statistics

General Stats
  • This quiz has been taken 18 times
  • The average score is 34 of 48
Answer Stats
Hint Answer % Correct
Made Tyson vote himself out Russell Hantz
100%
tells a story about a tribe trying to eat his ... behind Coach Wade
88%
Was Medically evacuated then quit Colton Cumbie
88%
Attended Every Tribal Council in a season Denise Stapley
88%
sways the jury with their speech Erik Cardona
88%
Sat out so many times they named the sit out bench after her Sandra Diaz-Twine
88%
Spoke Llama Tony Vlachos
88%
broke the hourglass and won Erika Cascupanan
81%
Said "you don't wanna date someone who doesn't make the merge" and then didn't make the merge Kat Edorsson
81%
Really wants Applebees Liz Wilcox
81%
Won the Most Redemption Island duels Matt Elrod
81%
was basically edited out of their season because they quit Purple Kelly Shinn
81%
Called baylor a brat and compared Missy to the wicked stepmother Reed Kelly
81%
Stole the other tribes shoes and traded them for food Rupert Boneham
81%
Had a pet chicken Tai Trang
81%
Made Slidepuzzle algorithms in college Christian Hubicki
75%
Stole coral on a Reward causing CBS to get fined Colby Donaldson
75%
Tied in Final tribal then lost Domenick Abbate
75%
played a stick as an idol Eliza Orlins
75%
Doesn't know why they are on game changers Hali Ford
75%
drew the purple rock in MvGX Jessica Lewis
75%
dated jeff probst Julie Berry
75%
Most Votes Nullified by an idol Kelley Wentworth
75%
Was Medically evacuated for getting sand in his eye Shamar Thomas
75%
Last surviving member of Ulong Stephenie Lagrossa
75%
is a Baseball/ Dating Coach Albert Destrade
69%
Sold out their morals and friends for a stack of greenbacks Boston Rob Mariano
69%
is marooned in a land of flight attendants and sunday school teachers Courtney Yates
69%
lied about being a landscaper instead of an nfl quarterback Gary Hogeboom
69%
Won the Fastest firemaking? Heidi Lagares-Greenblatt
69%
Had the First successful shot in the dark play Kaleb Gebreworld
69%
Kicked out of a challenge for choking a man Robb Zbacnik
69%
had the first successful idol play Yau Man Chan
69%
had his "She's all that" moment Andy Rueda
63%
Lost the first forced firemaking Devon Pinto
63%
Sang Na Na Hey Hey Kiss Him Goodbye by the Steams when voting someone out Rob Cesternino
63%
Never went a reward and constantly complained about it Rodney Lavoie Jr.
63%
quit smoking the day before going on the island Shane Powers
63%
Mooed while voting for someone Jenna Lewis
56%
Drew a gun shooting Cristina's name while voting for her Jenny Guzon-Bae
56%
Obtained 2 idols by convincing others to give their idol to him Jesse Lopez
56%
Has the best average placement for a returnee Natalie Anderson
56%
broke the hourglass and lost Rocksroy Bailey
56%
Compared Sarah Jones to Cleopatra Sean Rector
56%
Shes jumping ship Julie Rosenberg
50%
Was voted out for eating beans Diane Ogden
44%
Got in a boat and left right before a challenge GC Brown
44%
Mentioned splitting the vote in front of their entire tribe Dean Kowalski
38%
No matching quizzes found
Score Distribution
Percent of People with Each Score
Percentile by Number Answered
Your Score History
You have not taken this quiz